Manchester City Quiz - Statistiques

Statistiques générales
  • Ce quiz a été pris 72 fois
  • Le résultat moyen est 9 sur 17
Statistiques - réponses
Questions Réponses % Correct
Qui est l’entraîneur de ce club ? Pep Guardiola
90%
Qui est le meilleur buteur de ce club ? Sergio Agüero (260)
88%
Combien de Ligue des champions a ce club ? 1 (2023)
87%
Quelles sont les couleurs primaires de ce club ? Bleu et Blanc
79%
Qui est le joueur le plus cher de ce club ? Erling Haaland (180 Millions)
79%
Quelle est la ligue où joue ce club ? Premier League
77%
Quel est le plus gros transfert de ce club ? Jack Grealish (117,50 Millions)
75%
Qui est le capitaine actuel de ce club ? Kyle Walker
75%
En quelle année a été crée le club ? 1894
58%
Quel est le nom du stade de ce club ? Etihad Stadium
58%
Combien vaut ce club ? 1,26 Mrd
48%
Combien de trophées a ce club ? 54
31%
Qui est la légende de ce club ? Bernardo Silva
27%
Qui est le meilleur passeur de ce club ? Kevin De Bruyne (171)
21%
Quelle est la plus grande defaite de ce club ? 8 : 0 (Wolverhampton)
15%
Quelle est la plus grande victoire de ce club ? 9 : 0 (Burton Albion)
10%
Qui est le joueur le plus capé de ce club ? Alan Oakes (680)
10%
Aucun quiz correspondant
Distribution des résultats
% des personnes avec chaque résultat
Percentile par nombre de réponses
Votre historique - résultats
Vous n’avez pas pris ce quiz